Resultados de la dolarización
Guardado en:
| Format: | Texto |
|---|---|
| Fag: | |
| Tags: |
Tilføj Tag
Ingen Tags, Vær først til at tagge denne postø!
|
MARC
| LEADER | 00000 a a2200000 04500 | ||
|---|---|---|---|
| 001 | 6663 | ||
| 003 | |||
| 040 | |||
| 245 | |a Resultados de la dolarización | ||
| 650 | |a POLITICA MONETARIA | ||
| 650 | |a EL SALVADOR | ||
| 773 | |g volumen 23, número 1050; páginas 6-7 | ||
| 999 | |c 22445 |d 22445 | ||
